000 00403nam a2200181Ia 4500
003 0100
008 130303s9999 xx 000 0 und d
040 _cARRUPELIB
050 _aB316.L54
100 _aLevin, Richard
245 4 _aThe question of Socrates
260 _aNew York
260 _bHarcourt, Brace World
260 _C1961
300 _axiv
300 _b 210p. 24cm.
942 0 0 _01
999 _c45879
_d45879